| 000 | 01554nam0a2200373 4500 | ||
|---|---|---|---|
| 001 | RU\NLR\BIBL_A\022353456 | ||
| 005 | 20260420015915.0 | ||
| 010 |
_a978-5-295-07968-9 _9137 |
||
| 021 |
_aRU _bКН-П-24-050917 _9КН-П-24-5063 |
||
| 035 | _a(NLR Aleph) 022353456 | ||
| 090 |
_a13667519 _c13667519 |
||
| 100 | _a20241016d2024 u y0rusy50 ca | ||
| 101 | 1 |
_arus _cbak |
|
| 102 | _aRU | ||
| 105 | _aac z 000yy | ||
| 181 | 0 |
_ai3 _baxxe |
|
| 182 | 0 | _an | |
| 200 | 1 |
_aСын Юлая Салават _fМирас Идельбаев _gперевод [с башкирского] Ф. В. Ахмадиева |
|
| 203 |
_aТекст _bвизуальный _cнепосредственный |
||
| 210 |
_aУфа _cКитап _d2024 |
||
| 215 |
_a248 с. _cил., портр. _d21 |
||
| 320 | _aБиблиогр. в тексте | ||
| 600 | 0 |
_aСалават Юлаев _f1752 - 1800 _xв художественной литературе _91547322 _3RU\NLR\AUTH\66976364 |
|
| 686 | 1 | _aШ5(2=Баш)-4Салават Юлаев | |
| 686 | 2 | _aШ6(2=Баш)7-4 | |
| 700 | 1 |
_7ca _8rus _aИдельбаев _bМ. Х. _f1945- _gМирас Хамзович _9130522 _3RU\NLR\auth-onl\77466 |
|
| 702 | 0 |
_4280 _7ca _8rus _aСалават Юлаев _f1752-1800 _9110565 _3RU\NLR\AUTH\77516 |
|
| 702 | 0 |
_4280 _7ca _8rus _aЮлай Азналин _f1730-ок.1797 _9175678 _3RU\NLR\AUTH\770175729 |
|
| 942 | _cBOOK | ||
| 980 | _aNB | ||